मराठी व्याकरण, PSI/STI/ASST: राज्यसेवा मुख्य परीक्षा (Record no. 42689)

MARC details
000 -LEADER
fixed length control field 00600nam a2200193Ia 4500
008 - FIXED-LENGTH DATA ELEMENTS--GENERAL INFORMATION
fixed length control field 220531s9999 xx 000 0 und d
041 ## - LANGUAGE CODE
Language code of text/sound track or separate title mar
082 ## - DEWEY DECIMAL CLASSIFICATION NUMBER
Classification number -
Item number KAK
100 ## - MAIN ENTRY--PERSONAL NAME
Personal name काकडे, पौर्णिमा
9 (RLIN) 76890
245 ## - TITLE STATEMENT
Title मराठी व्याकरण, PSI/STI/ASST: राज्यसेवा मुख्य परीक्षा
250 ## - EDITION STATEMENT
Edition statement 1ST
260 ## - PUBLICATION, DISTRIBUTION, ETC. (IMPRINT)
Place of publication, distribution, etc. Pune
Name of publisher, distributor, etc. The Unique Academy
Date of publication, distribution, etc. 2014
300 ## - PHYSICAL DESCRIPTION
Extent 472
542 ## - INFORMATION RELATING TO COPYRIGHT STATUS
Copyright holder 20-03-2017
551 ## -
-- Marathi
-- Grantabal-MRA
650 ## - SUBJECT ADDED ENTRY--TOPICAL TERM
Topical term or geographic name as entry element Grammar
9 (RLIN) 76891
906 ## - LOCAL DATA ELEMENT F, LDF (RLIN)
d 2016-2017
f 10698
Holdings
Withdrawn status Lost status Source of classification or shelving scheme Damaged status Not for loan Collection code Home library Current library Date acquired Vendor Cost, normal purchase price Total Checkouts Total Holds Full call number Barcode Date last seen Cost, replacement price Bill Date Koha item type Original Barcode
    Dewey Decimal Classification       Shri Siddhivinayak Mahila Mahavidyalaya Shri Siddhivinayak Mahila Mahavidyalaya 28/03/2017 Hariti 250.00   1 -/KAK/B/17830 SSMM-BK-17830 06/08/2022 250.00 06/08/2022 Books 010017830